000
00404nam a2200145Ia 4500
008
100204s9999 xx 000 0 und d
082
_b
3004
100
_a
दास बाबाजी
245
_a
अमर गाथा
260
_b
"न. सा. दांगर, पुणे"
_c
1978
300
_a
63
630
_a
अमर गाथा
730
_a
अमर गाथा
942
_c
BOOK
999
_c
447986
_d
447983